Personality of criminals (Record no. 353540)

000 -LEADER
fixed length control field 00331cam a22001217a 4500
008 - FIXED-LENGTH DATA ELEMENTS--GENERAL INFORMATION
fixed length control field 180718b1973 xxu||||| |||| 00| 0 eng d
082 ## - DEWEY DECIMAL CLASSIFICATION NUMBER
Classification number Q8 Si64
100 ## - MAIN ENTRY--PERSONAL NAME
Personal name Singh, Udai Pratap
245 ## - TITLE STATEMENT
Title Personality of criminals
Statement of responsibility, etc. by Udai Pratap Singh
260 ## - PUBLICATION, DISTRIBUTION, ETC.
Place of publication, distribution, etc. Agra
Name of publisher, distributor, etc. Sri Ram Mehra
Date of publication, distribution, etc. 1973
300 ## - PHYSICAL DESCRIPTION
Extent 107p.
650 ## - SUBJECT ADDED ENTRY--TOPICAL TERM
Topical term or geographic name entry element Crime and Criminals
Holdings
Withdrawn status Lost status Damaged status Not for loan Permanent Location Current Location Date acquired Full call number Barcode Date last seen Price effective from Koha item type
        Indian Institute of Public Administration Indian Institute of Public Administration 1993-12-03 Q8 Si64 47762 2018-07-21 2018-07-21 Book

Powered by Koha